000 00313nam a22001337a 4500
008 230602b xxu||||| |||| 00| 0 eng d
020 _a978170765013
082 _a967.6204HOR
100 _cCHARLES HORNSBY
245 _aKENYA
_bA History Since Independence
260 _aNY
300 _axiii,911p
942 _2ddc
_cBK
999 _c28
_d28